LDR 00699naa#a2200169#i#450# 001 EN\FGKOU VO SPBU MVD ROSSII\bibl\106761 005 20260429021556.3 011 ## _a2713-0622 100 ## _a20260428b2026####ek#y0engy0150####ca 102 ## _aRU 200 1# _aThe value and integration practice of traditional Chinese family culture in the team education of law enforcement agencies _eJournal article 210 1# _aSt. Petersburg _cSAINT-PETERSBURG UNIVERSITY OF THE MINISTRY OF INTERNAL AFFAIRS OF THE RUSSIAN FEDERATION _d2026 215 ## _a10 с. 608 ## _aJournal article _2local 675 ## _aНравственно-религиозные идеалы. 37.017.93 _z 700 #1 _aXuemei _gShi 856 4# _avestnikspbmvd.ru _u